| 000 | 00388cam a22001337a 4500 | ||
|---|---|---|---|
| 008 | 180718b1970 xxu||||| |||| 00| 0 eng d | ||
| 082 | _aB811x54 R211t | ||
| 100 | _aRay, Amal | ||
| 245 |
_aTension areas in India's federal system _cby Aml Ray |
||
| 260 |
_aCalcutta _bWorld Press _c1970 |
||
| 300 | _aix, 160p | ||
| 650 | _aState governments --India. | ||
| 650 | _aFederal government --India | ||
| 999 |
_c422514 _d422514 |
||